<?xml version="1.0" encoding="UTF-8"?>
<collection xmlns="http://www.loc.gov/MARC21/slim">
<record>
  <controlfield tag="001">40525</controlfield>
  <controlfield tag="003">SzGeCERN</controlfield>
  <controlfield tag="005">20241120145720.0</controlfield>
  <datafield tag="024" ind1="8" ind2=" ">
    <subfield code="a">oai:cds.cern.ch:40525</subfield>
    <subfield code="p">cerncds:FULLTEXT</subfield>
  </datafield>
  <datafield tag="035" ind1=" " ind2=" ">
    <subfield code="9">PHOPHO</subfield>
    <subfield code="a">0001751</subfield>
  </datafield>
  <datafield tag="037" ind1=" " ind2=" ">
    <subfield code="a">CERN-AC-9906026</subfield>
  </datafield>
  <datafield tag="041" ind1=" " ind2=" ">
    <subfield code="a">ENG</subfield>
  </datafield>
  <datafield tag="100" ind1=" " ind2=" ">
    <subfield code="a">AC Team</subfield>
  </datafield>
  <datafield tag="245" ind1=" " ind2=" ">
    <subfield code="a">The four main LHC experiments</subfield>
  </datafield>
  <datafield tag="260" ind1=" " ind2=" ">
    <subfield code="c">1999</subfield>
  </datafield>
  <datafield tag="269" ind1=" " ind2=" ">
    <subfield code="c">Jun 1999</subfield>
  </datafield>
  <datafield tag="340" ind1=" " ind2=" ">
    <subfield code="a">DIGITAL</subfield>
  </datafield>
  <datafield tag="520" ind1=" " ind2=" ">
    <subfield code="a">This diagram shows the locations of the four main experiments (ALICE, ATLAS, CMS and LHCb) that will take place at the LHC. Located between 50 m and 150 m underground, huge caverns have been excavated to house the giant detectors. The SPS, the final link in the pre-acceleration chain, and its connection tunnels to the LHC are also shown.</subfield>
  </datafield>
  <datafield tag="542" ind1=" " ind2=" ">
    <subfield code="d">CERN</subfield>
    <subfield code="g">1999</subfield>
  </datafield>
  <datafield tag="595" ind1=" " ind2=" ">
    <subfield code="a">Press</subfield>
    <subfield code="s">Views and Maps</subfield>
  </datafield>
  <datafield tag="595" ind1=" " ind2=" ">
    <subfield code="a">Press</subfield>
    <subfield code="s"></subfield>
  </datafield>
  <datafield tag="595" ind1=" " ind2=" ">
    <subfield code="a">Press</subfield>
    <subfield code="s">Views of CERN</subfield>
  </datafield>
  <datafield tag="650" ind1="1" ind2="7">
    <subfield code="2">SzGeCERN</subfield>
    <subfield code="a">Accelerators</subfield>
  </datafield>
  <datafield tag="653" ind1="1" ind2=" ">
    <subfield code="a">ATLAS</subfield>
    <subfield code="9">CERN</subfield>
  </datafield>
  <datafield tag="653" ind1="1" ind2=" ">
    <subfield code="a">LHC</subfield>
    <subfield code="9">CERN</subfield>
  </datafield>
  <datafield tag="653" ind1="1" ind2=" ">
    <subfield code="a">Detector Installation</subfield>
    <subfield code="9">CERN</subfield>
  </datafield>
  <datafield tag="653" ind1="1" ind2=" ">
    <subfield code="a">Point 1 Site</subfield>
    <subfield code="9">CERN</subfield>
  </datafield>
  <datafield tag="773" ind1=" " ind2=" ">
    <subfield code="p">United Kingdom Outreach : Picture of the Week</subfield>
    <subfield code="u">http://hepweb.rl.ac.uk/ppUKpics/POW/pr_990721.html</subfield>
  </datafield>
  <datafield tag="916" ind1=" " ind2=" ">
    <subfield code="s">n</subfield>
    <subfield code="w">199923</subfield>
  </datafield>
  <datafield tag="960" ind1=" " ind2=" ">
    <subfield code="a">81</subfield>
  </datafield>
  <datafield tag="961" ind1=" " ind2=" ">
    <subfield code="c">20031203</subfield>
    <subfield code="h">0856</subfield>
    <subfield code="l">MMD01</subfield>
    <subfield code="x">19990614</subfield>
  </datafield>
  <datafield tag="963" ind1=" " ind2=" ">
    <subfield code="a">PUBLIC</subfield>
  </datafield>
  <datafield tag="970" ind1=" " ind2=" ">
    <subfield code="a">000001751MMD</subfield>
  </datafield>
  <datafield tag="980" ind1=" " ind2=" ">
    <subfield code="a">PHOTOLAB</subfield>
  </datafield>
  <datafield tag="856" ind1="4" ind2=" ">
    <subfield code="q">http://preprints.cern.ch/photo/photo-ac/9906026_01.gif</subfield>
    <subfield code="x">icon</subfield>
  </datafield>
  <datafield tag="856" ind1="4" ind2=" ">
    <subfield code="q">http://preprints.cern.ch/cgi-bin/setlink?base=PHO&amp;categ=photo-ac&amp;id=9906026</subfield>
    <subfield code="x">1</subfield>
    <subfield code="y">Access to the pictures</subfield>
  </datafield>
  <datafield tag="856" ind1="4" ind2=" ">
    <subfield code="8">2565252</subfield>
    <subfield code="s">5135509</subfield>
    <subfield code="u">http://cds.cern.ch/record/40525/files/9906026.jpg</subfield>
    <subfield code="z">CDSINTERNAL|MediaArchive|Migrated from: \\cern.ch\dfs\Services\MediaArchive\Photo\Masters\1999\9906026\9906026.jpg</subfield>
  </datafield>
  <datafield tag="856" ind1="4" ind2=" ">
    <subfield code="8">2565252</subfield>
    <subfield code="s">171864</subfield>
    <subfield code="u">http://cds.cern.ch/record/40525/files/9906026.jpg?subformat=icon-1440</subfield>
    <subfield code="x">icon-1440</subfield>
    <subfield code="z">CDSINTERNAL|MediaArchive|Migrated from: http://mediaarchive.cern.ch/MediaArchive/Photo/Public/1999/9906026/9906026/9906026-A4-at-144-dpi.jpg</subfield>
  </datafield>
  <datafield tag="856" ind1="4" ind2=" ">
    <subfield code="8">2565252</subfield>
    <subfield code="s">24179</subfield>
    <subfield code="u">http://cds.cern.ch/record/40525/files/9906026.jpg?subformat=icon-720</subfield>
    <subfield code="x">icon-720</subfield>
    <subfield code="z">CDSINTERNAL|MediaArchive|Migrated from: http://mediaarchive.cern.ch/MediaArchive/Photo/Public/1999/9906026/9906026/9906026-A5-at-72-dpi.jpg</subfield>
  </datafield>
  <datafield tag="856" ind1="4" ind2=" ">
    <subfield code="8">2565252</subfield>
    <subfield code="s">4457</subfield>
    <subfield code="u">http://cds.cern.ch/record/40525/files/9906026.jpg?subformat=icon-180</subfield>
    <subfield code="x">icon-180</subfield>
    <subfield code="z">CDSINTERNAL|MediaArchive|Migrated from: http://mediaarchive.cern.ch/MediaArchive/Photo/Public/1999/9906026/9906026/9906026-Icon.jpg</subfield>
  </datafield>
  <datafield tag="903" ind1=" " ind2=" ">
    <subfield code="s">public</subfield>
  </datafield>
</record>

</collection>